| 000 | 01822cam a2200301 i 4500 | ||
|---|---|---|---|
| 999 |
_c12757 _d12757 |
||
| 003 | OSt | ||
| 005 | 20240711124325.0 | ||
| 008 | 231106s2023 cauab b 000 0 eng d | ||
| 016 | 7 |
_a020745843 _2Uk |
|
| 020 | _a9781957183053 | ||
| 042 | _alccopycat | ||
| 043 | _aa-bg--- | ||
| 050 | 0 | 0 |
_aDS396.8.P32 _bG74 2023 |
| 082 | 0 | 4 |
_a954.92/4 _223/eng/20230621 |
| 082 | 0 | 4 |
_a954.92 _223 |
| 245 | 0 | 4 |
_aThe great Padma : _bthe epic river that made the Bengal Delta / _cedited by Kazi Khaleed Ashraf. |
| 246 | 3 | 0 | _aEpic river that made the Bengal Delta |
| 300 |
_a404 pages : _billustrations (chiefly color), maps ; _c30 cm |
||
| 504 | _aIncludes bibliographical references (pages 392-404). | ||
| 520 | _a"The first comprehensive book on the River Padma, considered the last leg of the Ganges, with a rich collection of new photographs and maps. The Great Padma Book defines the life and history of the Bengal Delta, the largest delta in the world. The book contains original essays by well-known writers, researchers, and academics from diverse fields, including geography, history, literature, architecture, and food history. The preface is written by the renowned author Amitav Ghosh (The Hungry Tide). Besides unpublished photographs documenting the magnificence and diversity of the great river, and wonderful set of maps and diagrams, the book has a rich content in depicting the life and times related to this turbulent river. The wonderful design and layout of the book will make this a collectable item"--Publisher's description. | ||
| 651 | 0 |
_aPadma River (Bangladesh) _xHistory. |
|
| 651 | 0 |
_aPadma River (Bangladesh) _vPictorial works. |
|
| 651 | 7 |
_aBangladesh _zPadma River. _2fast |
|
| 655 | 7 |
_aHistory. _2fast |
|
| 655 | 7 |
_aPictorial works. _2fast |
|
| 700 | 1 |
_aAshraf, Kazi Khaleed, _eeditor. |
|
| 942 | _2ddc | ||